| 000 | 01115nam a22003257a 4500 | ||
|---|---|---|---|
| 003 | CHAP | ||
| 005 | 20251111124454.0 | ||
| 008 | 971013s1988 r 00010 d | ||
| 010 | _a929 | ||
| 011 | _a1901 | ||
| 035 | _a1086 | ||
| 040 | _cCHAP | ||
| 090 | _aTesis | ||
| 100 | 1 | 0 |
_aJacobo Cuéllar, José Antonio _960844 |
| 245 | _aEstudio de prefactibilidad para el establecimiento de un huerto de naranjo (Citrus sinensis L.) en Rioverde y Cd. Fernández, S.L.P. | ||
| 260 |
_aChapingo, Méx. : _bEl autor, _c1988 |
||
| 300 | _a110 h. | ||
| 500 | _a39-164 | ||
| 502 | _aTesis (Ing. Agr. Esp. en Fitotecnia) -- UACH. Departamento de Fitotecnia | ||
| 590 |
_aALEPH _b10 _c20130110 _lUCH01 _h1206 |
||
| 590 |
_aBATCH-UPD _b10 _c20130110 _lUCH01 _h1330 |
||
| 590 |
_aBATCH-UPD _b10 _c20130410 _lUCH01 _h0835 |
||
| 590 |
_aBATCH-UPD _b10 _c20130914 _lUCH01 _h1836 |
||
| 590 |
_aCONVERSION _b10 _c20130109 _lUCH01 _h1302 |
||
| 650 | 1 | 4 |
_aNaranja _zSan Luis Potosí. _980198 |
| 901 | _aBK | ||
| 942 | _cFOLL | ||
| 949 |
_bBC _cTES _d-10550 _eTS1 _h23104 _i1086 _si |
||
| 949 |
_bBC _cTES _d33724000169140 _eTS2 _fc.2 _h29082 _i1086 _si |
||
| 999 |
_c929 _d929 |
||